Castle and church : the Archaeological Museum in Gdańsk, Gniew Castle, Poland /

Bibliographic Details
Corporate Authors: Castrum Bene Gniew, Poland, Muzeum Archeologiczne (Gdańsk, Poland)
Other Authors: Kajzer, Leszek, Paner, Henryk
Format: Conference Proceeding Book
Language:English
German
Language Notes:English and German.
Published: Gdańsk : Archaeological Museum in Gdańsk, 1996.
Subjects:

MARC

Tag First Indicator Second Indicator Subfields
LEADER 00000cam a2200000 a 4500
001 in00001493321
005 20151021073020.0
008 971222s1996 pl ab b 100 0 eng
010 |a  97227431  
020 |a 8385824456 
035 |a (OCoLC)38764722 
035 |9 AJH4933AM 
040 |a DLC  |c DLC  |d TXA  |d UtOrBLW 
041 0 |a eng  |a ger 
043 |a ee----- 
049 |a TXAM 
050 0 0 |a DJK23  |b .C37 1996 
082 0 0 |a 947  |2 21 
111 2 |a Castrum Bene  |n (5th :  |d 1996 :  |c Gniew, Poland) 
245 1 0 |a Castle and church :  |b the Archaeological Museum in Gdańsk, Gniew Castle, Poland /  |c Castrum Bene 5/1996 ; [edited by Leszek Kajzer and Henryk Paner]. 
264 1 |a Gdańsk :  |b Archaeological Museum in Gdańsk,  |c 1996. 
300 |a 238 pages, 2 unnumbered folded leaves :  |b illustrations, maps ;  |c 22 cm. 
336 |a text  |b txt  |2 rdacontent 
337 |a unmediated  |b n  |2 rdamedia 
338 |a volume  |b nc  |2 rdacarrier 
546 |a English and German. 
504 |a Includes bibliographical references. 
650 0 |a Castles  |z Europe, Eastern  |x Congresses. 
650 0 |a Excavations (Archaeology)  |z Europe, Eastern  |x Congresses. 
651 0 |a Europe, Eastern  |x Antiquities  |v Congresses. 
650 0 |a Military religious orders  |z Europe, Eastern  |x History  |x Congresses. 
610 2 0 |a Teutonic Knights  |x History  |x Congresses. 
700 1 |a Kajzer, Leszek. 
700 1 |a Paner, Henryk. 
710 2 |a Muzeum Archeologiczne (Gdańsk, Poland) 
948 |a c:jls 
999 |a MARS 
999 f f |s b6a6dce7-894e-32cd-aead-1bc6b46dfe5a  |i d7aac1d6-3002-3c8d-aff8-d72a2f23935f  |t 0 
952 f f |p noncirc  |a Texas A&M University  |b College Station  |c Sterling C. Evans Library  |d Bodrum (located in Turkey)  |t 0  |e DJK23 .C37 1996  |h Library of Congress classification  |i unmediated -- volume 
998 f f |a DJK23 .C37 1996  |t 0  |l Bodrum (located in Turkey)